[Event "M.Chigorin Memorial"]
[Site "St. Petersburg RUS"]
[Date "2009.10.18"]
[Round "3.119"]
[White "Fedotov, Konstantin"]
[Black "Gantsevich, Aleksei"]
[Result "1-0"]
[WhiteElo "1891"]
[BlackElo "2096"]
[PlyCount "131"]
[EventDate "2009.??.??"]

1. e4 c5 2. Nc3 Nc6 3. g3 g6 4. Bg2 Bg7 5. d3 e6 6. f4 d6 7. Nf3 Nge7 8. O-O
O-O 9. Ne2 Nd4 10. c3 Nxf3+ 11. Bxf3 d5 12. Be3 d4 13. cxd4 cxd4 14. Bf2 e5 15.
Qb3 Nc6 16. Rfc1 Qe7 17. Bg2 Be6 18. Qd1 f6 19. h3 Rfc8 20. g4 Bf7 21. h4 Rc7
22. Bh3 Be6 23. Kh2 Rac8 24. Qd2 Qb4 25. Be1 Qd6 26. a3 f5 27. gxf5 gxf5 28.
exf5 Bd5 29. Bg3 exf4 30. Nxf4 Ne5 31. Bg2 Ng4+ 32. Kh3 Bxg2+ 33. Nxg2 Ne5 34.
Rxc7 Rxc7 35. Re1 Re7 36. Qg5 Qf6 37. Bxe5 Rxe5 38. Qxf6 Bxf6 39. Rxe5 Bxe5 40.
Kg4 Kf7 41. Kf3 Kf6 42. Ke4 Bg3 43. a4 a5 44. b3 b6 45. Nf4 Bxh4 46. Nd5+ Kg5
47. Nxb6 h5 48. Nd7 Bf2 49. f6 Kg6 50. Ke5 Bh4 51. Ke6 Bxf6 52. Nxf6 h4 53. Ne4
h3 54. Ke5 h2 55. Ng3 Kg5 56. Ke4 Kh4 57. Kf3 Kg5 58. Ne4+ Kf5 59. Kg2 Kf4 60.
Kxh2 Ke3 61. Nc5 Kd2 62. Kg3 Kc3 63. Kf4 Kb4 64. Nb7 Kxb3 65. Nxa5+ Kxa4 66.
Nb7 1-0

[Event "M.Chigorin Memorial"]
[Site "St. Petersburg RUS"]
[Date "2009.10.18"]
[Round "3.120"]
[White "Dushin, Nikolay"]
[Black "Platonova, Lubov"]
[Result "1/2-1/2"]
[WhiteElo "2090"]
[BlackElo "1903"]
[PlyCount "96"]
[EventDate "2009.??.??"]

1. d4 Nf6 2. Nf3 g6 3. g3 Bg7 4. Bg2 d6 5. c4 O-O 6. O-O Nbd7 7. Nc3 c6 8. Re1
e5 9. dxe5 dxe5 10. Bg5 h6 11. Bc1 Qc7 12. Qc2 a5 13. h3 Re8 14. e4 Nc5 15. Be3
Ne6 16. Rad1 b6 17. Na4 c5 18. Nc3 Nd4 19. Qc1 Kh7 20. Nh2 Be6 21. b3 Qc8 22.
g4 h5 23. g5 Ng8 24. h4 Ne7 25. f4 Qc7 26. Rf1 Rad8 27. Rde1 Rf8 28. Rf2 Nec6
29. Nd5 Bxd5 30. exd5 exf4 31. Bxf4 Ne5 32. Qd1 Rde8 33. Be4 Kg8 34. Kh1 Qd7
35. Bxe5 Bxe5 36. Qd3 Qd6 37. Ref1 Re7 38. Rf6 Bxf6 39. gxf6 Rxe4 40. Qxe4 Qd7
41. Qf4 Kh7 42. Re1 b5 43. Re7 Qh3 44. cxb5 Nf5 45. Re1 Qc3 46. Qe5 Qh3 47. Qf4
Qc3 48. Qe5 Qh3 1/2-1/2

[Event "M.Chigorin Memorial"]
[Site "St. Petersburg RUS"]
[Date "2009.10.18"]
[Round "3.121"]
[White "Ivanov, Miroslav"]
[Black "Stroganov, Anatoly"]
[Result "1-0"]
[WhiteElo "2090"]
[BlackElo "1890"]
[PlyCount "85"]
[EventDate "2009.??.??"]

1. e4 d6 2. Nf3 Nf6 3. Nc3 g6 4. d4 Bg7 5. Be3 a6 6. Qd2 b5 7. Bd3 Bb7 8. a3
Nbd7 9. Bh6 Bxh6 10. Qxh6 c5 11. d5 c4 12. Be2 Qc7 13. Ng5 Rg8 14. Nxh7 O-O-O
15. Nxf6 Nxf6 16. Qe3 Kb8 17. f4 Qa5 18. O-O Rg7 19. Bf3 e6 20. dxe6 fxe6 21.
e5 Ne8 22. Bxb7 Rxb7 23. exd6 Rxd6 24. Rad1 Rbd7 25. Rxd6 Rxd6 26. Rd1 Rxd1+
27. Nxd1 Nc7 28. Kf2 b4 29. axb4 Qxb4 30. Qd4 a5 31. Ne3 c3 32. Qxb4+ axb4 33.
bxc3 bxc3 34. Ke2 Nb5 35. Kd3 Kc7 36. Nc4 Kd7 37. Ne5+ Ke7 38. Nxg6+ Kf6 39.
Ne5 Nc7 40. g3 Nd5 41. Ng4+ Kg6 42. Ne3 Nf6 43. Kxc3 1-0

[Event "M.Chigorin Memorial"]
[Site "St. Petersburg RUS"]
[Date "2009.10.18"]
[Round "3.122"]
[White "Gutyakulov, Amal"]
[Black "Mamedov, Elmin"]
[Result "1-0"]
[WhiteElo "2089"]
[BlackElo "1831"]
[PlyCount "87"]
[EventDate "2009.??.??"]

1. Nf3 Nf6 2. g3 g6 3. Bg2 Bg7 4. O-O O-O 5. d4 d5 6. c4 c6 7. b3 dxc4 8. bxc4
Be6 9. Nbd2 Ne8 10. Bb2 Nd6 11. Qc2 Nf5 12. e3 Na6 13. Rfd1 Rc8 14. Ne4 Nd6 15.
Ned2 b5 16. Ne5 Nb8 17. Rac1 f6 18. Nxc6 Nxc6 19. d5 Nb4 20. Qb3 Nxd5 21. cxd5
Bf7 22. Bd4 Qa5 23. Bc5 f5 24. Nf3 Rfe8 25. Ng5 Bf6 26. Nxf7 Kxf7 27. Bb4 Qb6
28. Rc6 Qb8 29. Bxd6 exd6 30. Rdc1 b4 31. R1c4 Bc3 32. Qa4 Rcd8 33. h4 Re7 34.
Bf3 Rde8 35. Kg2 Rd8 36. Qc2 Rde8 37. Qb1 Rb7 38. Qb3 Rd8 39. e4 Rg8 40. Qc2 f4
41. Bg4 Kg7 42. Rc8 Rxc8 43. Rxc8 f3+ 44. Kh2 1-0

[Event "M.Chigorin Memorial"]
[Site "St. Petersburg RUS"]
[Date "2009.10.18"]
[Round "3.123"]
[White "Styazhkina, Anna"]
[Black "Gogolev, Artem"]
[Result "1/2-1/2"]
[WhiteElo "2059"]
[BlackElo "1830"]
[PlyCount "82"]
[EventDate "2009.??.??"]

1. e4 c5 2. Nf3 Nc6 3. d4 cxd4 4. Nxd4 Nf6 5. Nc3 e5 6. Ndb5 d6 7. Bg5 a6 8.
Na3 b5 9. Nd5 Be7 10. Bxf6 Bxf6 11. Bd3 O-O 12. O-O Be6 13. c4 b4 14. Nc2 a5
15. Nce3 Bg5 16. b3 g6 17. Kh1 Bxe3 18. Nxe3 Qg5 19. Rc1 Ne7 20. Qe2 f5 21.
exf5 gxf5 22. f4 Qg7 23. Bb1 e4 24. g4 Kh8 25. gxf5 Nxf5 26. Bxe4 Rae8 27. Bxf5
Bxf5 28. Nxf5 Rxe2 29. Nxg7 Kxg7 30. Rcd1 Rf6 31. Rg1+ Kf7 32. Rg2 Re4 33. Rd5
Rexf4 34. Rxa5 Rf1+ 35. Rg1 R1f2 36. Ra7+ Kf8 37. Rxh7 Rxa2 38. Rh8+ Kf7 39.
Rh7+ Kf8 40. Rh8+ Kf7 41. Rh7+ Kf8 1/2-1/2

[Event "M.Chigorin Memorial"]
[Site "St. Petersburg RUS"]
[Date "2009.10.18"]
[Round "3.124"]
[White "Dolgusheva, Izabella"]
[Black "Tropin, Nikolay"]
[Result "1-0"]
[WhiteElo "2057"]
[BlackElo "1798"]
[PlyCount "99"]
[EventDate "2009.??.??"]

1. d4 d5 2. c4 e6 3. Nf3 Nf6 4. g3 Be7 5. Bg2 O-O 6. O-O Nbd7 7. Qc2 h6 8. Rd1
Re8 9. b3 c6 10. Bb2 Ne4 11. Ne5 Ndf6 12. f3 Nd6 13. e4 Bd7 14. Nc3 Rc8 15. Qf2
Qc7 16. Rac1 Qa5 17. Kh1 Red8 18. Qe2 Bf8 19. Bh3 Rc7 20. Rc2 Bc8 21. Bg2 Nd7
22. cxd5 exd5 23. b4 Qb6 24. exd5 Qxb4 25. dxc6 bxc6 26. Nd5 cxd5 27. Rxc7 Nxe5
28. dxe5 Nb5 29. Rcc1 Ba6 30. e6 Nc3 31. exf7+ Kxf7 32. Bxc3 Bxe2 33. Bxb4 Bxb4
34. Rd4 Be7 35. Rc7 a6 36. f4 Bc4 37. a4 Ke6 38. Bh3+ Kd6 39. Rcxc4 Bf6 40. Rd1
Ke7 41. Rc7+ Kd6 42. Ra7 Kc5 43. Rxa6 d4 44. Ra7 Kc4 45. Bf1+ d3 46. Rc7+ Kb4
47. Bxd3 Kxa4 48. Bc2+ Kb5 49. Rxd8 Bxd8 50. Rxg7 1-0

[Event "M.Chigorin Memorial"]
[Site "St. Petersburg RUS"]
[Date "2009.10.18"]
[Round "3.125"]
[White "Komarov, Andrei"]
[Black "Pitkanen, Juhani"]
[Result "1-0"]
[WhiteElo "2020"]
[BlackElo "1775"]
[PlyCount "61"]
[EventDate "2009.??.??"]

1. Nf3 c5 2. g3 b6 3. Bg2 Bb7 4. O-O Nf6 5. c4 e6 6. Nc3 Be7 7. d4 cxd4 8. Nxd4
Bxg2 9. Kxg2 O-O 10. e4 d6 11. b3 a6 12. Bb2 Qc7 13. Rc1 Nbd7 14. f3 Rac8 15.
Qe2 Rfe8 16. Rfd1 Bf8 17. Qf2 Qb8 18. g4 h6 19. h4 Nh7 20. g5 h5 21. Nde2 g6
22. f4 b5 23. cxb5 axb5 24. Ng3 Bg7 25. e5 dxe5 26. Qe2 b4 27. Na4 Rxc1 28.
Rxc1 Rc8 29. Qe3 Bf8 30. Ne2 Nc5 31. Nxc5 1-0

[Event "M.Chigorin Memorial"]
[Site "St. Petersburg RUS"]
[Date "2009.10.18"]
[Round "3.126"]
[White "Walseth, Tron"]
[Black "Belsky, Artyom"]
[Result "1-0"]
[WhiteElo "2020"]
[BlackElo "1528"]
[PlyCount "69"]
[EventDate "2009.??.??"]

1. c4 Nf6 2. g3 e5 3. Bg2 Bc5 4. Nc3 Nc6 5. Nf3 e4 6. Nh4 Qe7 7. Qc2 Nd4 8. Qb1
g5 9. e3 gxh4 10. exd4 Bxd4 11. Nd5 Nxd5 12. cxd5 f5 13. g4 d6 14. O-O Bd7 15.
d3 O-O-O 16. dxe4 fxe4 17. h3 Rde8 18. Be3 Bxe3 19. fxe3 h5 20. Rf4 hxg4 21.
hxg4 h3 22. Bxe4 Qh4 23. Qe1 h2+ 24. Kh1 Qh3 25. Qf2 Bxg4 26. Rxg4 Ref8 27. Rf4
Qh6 28. Rxf8+ Rxf8 29. Bf5+ Kb8 30. e4 Rh8 31. Rf1 Qg7 32. Bh3 a6 33. Qg2 Qe5
34. Rf5 Qe7 35. Kxh2 1-0

[Event "M.Chigorin Memorial"]
[Site "St. Petersburg RUS"]
[Date "2009.10.18"]
[Round "3.127"]
[White "Esipovich, Stanislav"]
[Black "Abramichev, Artyom"]
[Result "1-0"]
[WhiteElo "1777"]
[BlackElo "2019"]
[PlyCount "67"]
[EventDate "2009.??.??"]

1. d4 Nf6 2. c4 c5 3. Nf3 cxd4 4. Nxd4 d6 5. Nc3 e5 6. Nf3 Be6 7. e4 h6 8. Qc2
Nc6 9. Nd5 Rc8 10. Bd2 b5 11. Bc3 bxc4 12. Bxc4 Be7 13. O-O Bxd5 14. exd5 Nb8
15. Qa4+ Nbd7 16. Ba6 Rc5 17. Bb4 O-O 18. Bxc5 Nxc5 19. Qc6 e4 20. Nd4 Nfd7 21.
Be2 a6 22. Nf5 Ne5 23. Nxe7+ Kh8 24. Qc8 Qxe7 25. Qf5 g6 26. Qh3 Kh7 27. b4
Ncd3 28. Bxd3 Nxd3 29. a3 f5 30. Rad1 Qe5 31. Qe3 Qxd5 32. f3 Re8 33. Rfe1 exf3
34. Qa7+ 1-0

[Event "M.Chigorin Memorial"]
[Site "St. Petersburg RUS"]
[Date "2009.10.19"]
[Round "4.1"]
[White "Romanov, Evgeny"]
[Black "Kazhgaleyev, Murtas"]
[Result "1/2-1/2"]
[WhiteElo "2588"]
[BlackElo "2643"]
[PlyCount "41"]
[EventDate "2009.??.??"]

1. Nf3 d5 2. d4 Nf6 3. c4 c6 4. Qb3 e6 5. Bg5 Be7 6. e3 h6 7. Bh4 O-O 8. Bd3
Nbd7 9. cxd5 Nxd5 10. Bxe7 Nxe7 11. Qa3 b6 12. Nbd2 Bb7 13. O-O c5 14. Be4 Nd5
15. Rfd1 Qb8 16. Rac1 Rc8 17. Nc4 N7f6 18. Bb1 cxd4 19. Nxd4 Rc5 20. Nd2 Rxc1
21. Rxc1 1/2-1/2

[Event "M.Chigorin Memorial"]
[Site "St. Petersburg RUS"]
[Date "2009.10.19"]
[Round "4.2"]
[White "Volkov, Sergey"]
[Black "Maletin, Pavel"]
[Result "1/2-1/2"]
[WhiteElo "2616"]
[BlackElo "2576"]
[PlyCount "114"]
[EventDate "2009.??.??"]

1. d4 Nf6 2. c4 e6 3. Nc3 Bb4 4. f3 d5 5. a3 Bxc3+ 6. bxc3 c5 7. cxd5 Nxd5 8.
dxc5 Qa5 9. e4 Nf6 10. Be3 O-O 11. Rb1 Nfd7 12. Kf2 a6 13. Qd6 Nc6 14. Ne2 e5
15. Qd5 Nf6 16. Qb3 Be6 17. Qb6 Qxa3 18. Ng3 Qxc3 19. Rc1 Qb4 20. Qxb4 Nxb4 21.
Nf5 Bxf5 22. exf5 Nbd5 23. Bd2 h5 24. Bd3 Rfd8 25. Bb1 Rac8 26. Ba5 Rd7 27.
Rhe1 Ne7 28. Kg3 Rd5 29. Bb4 Nc6 30. Ba3 Rcd8 31. Bb2 Nd4 32. Be4 Nxe4+ 33.
fxe4 R5d7 34. Kh4 Nc6 35. Bc3 f6 36. Kxh5 Kf7 37. Kg4 Rd3 38. Re2 R8d7 39. g3
Nd4 40. Bxd4 exd4 41. c6 bxc6 42. Rxc6 Rd1 43. Rxa6 d3 44. Rea2 Re1 45. Ra7
Rxe4+ 46. Kf3 Ree7 47. Rxd7 Rxd7 48. Rd2 g6 49. fxg6+ Kxg6 50. Ke3 Kg5 51. Rxd3
Rxd3+ 52. Kxd3 Kg4 53. h4 f5 54. Ke2 f4 55. h5 f3+ 56. Kf2 Kxh5 57. Kxf3 Kg5
1/2-1/2

[Event "M.Chigorin Memorial"]
[Site "St. Petersburg RUS"]
[Date "2009.10.19"]
[Round "4.3"]
[White "Fedorov, Alexei"]
[Black "Chadaev, Nikolai"]
[Result "1/2-1/2"]
[WhiteElo "2600"]
[BlackElo "2561"]
[PlyCount "116"]
[EventDate "2009.??.??"]

1. e4 e5 2. Nf3 Nf6 3. Nxe5 d6 4. Nf3 Nxe4 5. d4 d5 6. Bd3 Nc6 7. O-O Be7 8.
Nc3 Bf5 9. Re1 Nxc3 10. bxc3 Bxd3 11. Qxd3 O-O 12. Rb1 Na5 13. Qf5 c6 14. Bf4
Bf6 15. Be5 Re8 16. h4 h6 17. Qf4 b6 18. Re2 Nc4 19. Rbe1 Bxe5 20. dxe5 Qc7 21.
Qg3 Re6 22. Nd4 Rg6 23. Qd3 h5 24. e6 Rf8 25. Nf3 Qf4 26. Ng5 f5 27. g3 Qg4 28.
Kg2 Nd6 29. e7 Re8 30. f3 Qc4 31. Qxc4 Nxc4 32. Nh3 Rd6 33. Re6 c5 34. Nf4 Rxe6
35. Rxe6 Kf7 36. Kf2 Rxe7 37. Rxe7+ Kxe7 38. Nxh5 Kf7 39. Ke2 d4 40. cxd4 cxd4
41. Kd3 Ne5+ 42. Kxd4 Nxf3+ 43. Kd5 g5 44. hxg5 Kg6 45. Nf4+ Kxg5 46. Ne2 Kg4
47. Kc6 Nd2 48. Kb7 Kf3 49. Nd4+ Kxg3 50. Nxf5+ Kf4 51. Ne7 Nc4 52. Kxa7 Ke5
53. Ka6 Kd6 54. Nf5+ Kc5 55. c3 Na3 56. Nd4 Nc4 57. Nb3+ Kc6 58. Nc1 Nb2
1/2-1/2

[Event "M.Chigorin Memorial"]
[Site "St. Petersburg RUS"]
[Date "2009.10.19"]
[Round "4.4"]
[White "Yemelin, Vasily"]
[Black "Deviatkin, Andrei"]
[Result "1/2-1/2"]
[WhiteElo "2570"]
[BlackElo "2593"]
[PlyCount "71"]
[EventDate "2009.??.??"]

1. e4 c6 2. d4 d5 3. e5 Bf5 4. Nf3 e6 5. Be2 c5 6. Be3 cxd4 7. Nxd4 Ne7 8. c4
Nbc6 9. Qa4 a6 10. Nc3 dxc4 11. O-O-O Qc8 12. Nxc6 Nxc6 13. Bb6 Be7 14. f4 O-O
15. g4 Bd3 16. Bxd3 cxd3 17. a3 a5 18. Kb1 Ra6 19. Qb5 Nb4 20. Bxa5 Nd5 21.
Rxd3 Nxf4 22. Rd4 Ng6 23. Bb4 Bxb4 24. Rxb4 Rxa3 25. Rc4 Rxc3 26. Rxc8 Rcxc8
27. Rc1 Rcd8 28. Rc7 Rd5 29. Qxb7 Nxe5 30. Rc8 g5 31. Rxf8+ Kxf8 32. h3 Kg7 33.
Qc7 Nd3 34. Qc3+ e5 35. Qc4 Nf4 36. Qe4 1/2-1/2

[Event "M.Chigorin Memorial"]
[Site "St. Petersburg RUS"]
[Date "2009.10.19"]
[Round "4.5"]
[White "Evdokimov, Alexander A"]
[Black "Kobalia, Mikhail"]
[Result "1/2-1/2"]
[WhiteElo "2556"]
[BlackElo "2648"]
[PlyCount "26"]
[EventDate "2009.??.??"]

1. d4 d5 2. c4 c6 3. Nf3 Nf6 4. Nc3 dxc4 5. a4 e6 6. e3 c5 7. Bxc4 Nc6 8. O-O
cxd4 9. exd4 Be7 10. d5 exd5 11. Nxd5 Nxd5 12. Bxd5 O-O 13. Be3 Nb4 1/2-1/2

[Event "M.Chigorin Memorial"]
[Site "St. Petersburg RUS"]
[Date "2009.10.19"]
[Round "4.6"]
[White "Kurnosov, Igor"]
[Black "Lafuente, Pablo"]
[Result "1-0"]
[WhiteElo "2669"]
[BlackElo "2559"]
[PlyCount "63"]
[EventDate "2009.??.??"]

1. e4 e5 2. Nf3 Nc6 3. Bb5 a6 4. Ba4 Nf6 5. O-O Be7 6. Re1 b5 7. Bb3 d6 8. c3
O-O 9. h3 Nb8 10. d4 Nbd7 11. Nbd2 Bb7 12. Bc2 Re8 13. Nf1 Bf8 14. Ng3 g6 15.
b3 Bg7 16. d5 Rc8 17. c4 c6 18. Bg5 bxc4 19. bxc4 Nc5 20. Rb1 a5 21. Nd2 cxd5
22. cxd5 h6 23. Be3 Ba6 24. Ba4 Rf8 25. Bb5 Bxb5 26. Rxb5 Nd3 27. Rf1 Nd7 28.
Nc4 N7c5 29. Rb6 Qh4 30. Nxd6 Rb8 31. Rc6 Nb2 32. Qf3 1-0

[Event "M.Chigorin Memorial"]
[Site "St. Petersburg RUS"]
[Date "2009.10.19"]
[Round "4.7"]
[White "Rychagov, Andrey"]
[Black "Areshchenko, Alexander"]
[Result "1/2-1/2"]
[WhiteElo "2552"]
[BlackElo "2667"]
[PlyCount "80"]
[EventDate "2009.??.??"]

1. d4 Nf6 2. c4 g6 3. Nc3 d5 4. cxd5 Nxd5 5. e4 Nxc3 6. bxc3 Bg7 7. Be3 c5 8.
Qd2 Qa5 9. Rb1 a6 10. Nf3 Nc6 11. Rc1 f5 12. Bd3 cxd4 13. cxd4 Qxd2+ 14. Kxd2
Nb4 15. Bb1 O-O 16. Bg5 fxe4 17. Bxe4 Bf5 18. Rhe1 Bxe4 19. Rxe4 Nd5 20. Rb1 b6
21. h4 Rac8 22. Rc1 Rxc1 23. Kxc1 Rc8+ 24. Kb2 Rc4 25. Bxe7 Nxe7 26. Rxe7 Bxd4+
27. Nxd4 Rxd4 28. h5 gxh5 29. Re6 Rd2+ 30. Kb3 Rxf2 31. Rxb6 Rxg2 32. Rxa6 Kg7
33. Kc3 h4 34. Ra4 h3 35. Rh4 Rxa2 36. Kd3 Kg6 37. Ke3 h5 38. Kf3 h2 39. Kg3
Kg5 40. Rg4+ hxg4 1/2-1/2

[Event "M.Chigorin Memorial"]
[Site "St. Petersburg RUS"]
[Date "2009.10.19"]
[Round "4.9"]
[White "Vysochin, Spartak"]
[Black "Savchenko, Boris"]
[Result "1/2-1/2"]
[WhiteElo "2550"]
[BlackElo "2638"]
[PlyCount "94"]
[EventDate "2009.??.??"]

1. e4 c5 2. c3 Nc6 3. Nf3 Nf6 4. e5 Nd5 5. d4 cxd4 6. cxd4 d6 7. Bc4 Nb6 8. Bb5
dxe5 9. Nxe5 Bd7 10. Nxd7 Qxd7 11. Nc3 e6 12. O-O Rd8 13. a4 a6 14. Bxc6 Qxc6
15. Bg5 f6 16. Be3 Bb4 17. Qg4 Kf8 18. d5 Qc4 19. Qxe6 Nxd5 20. Rad1 Rd6 21.
Qf5 Bxc3 22. bxc3 Kf7 23. Qh5+ g6 24. Qh6 Nxe3 25. fxe3 Rxd1 26. Rxd1 Qxa4 27.
Rd6 Qe4 28. Rd7+ Ke6 29. Rd4 Qb1+ 30. Kf2 Qf5+ 31. Kg1 Kf7 32. h4 a5 33. e4 Qe6
34. Kf2 b5 35. Rd5 a4 36. Rxb5 Qa6 37. Rd5 Qa7+ 38. Kf3 a3 39. h5 g5 40. e5 Qa6
41. Rd7+ Ke8 42. Qg7 Qf1+ 43. Ke3 Qe1+ 44. Kd3 Qd1+ 45. Ke3 Qe1+ 46. Kd3 Qd1+
47. Ke3 Qe1+ 1/2-1/2

[Event "M.Chigorin Memorial"]
[Site "St. Petersburg RUS"]
[Date "2009.10.19"]
[Round "4.10"]
[White "Kokarev, Dmitry"]
[Black "Zinchenko, Yaroslav"]
[Result "1/2-1/2"]
[WhiteElo "2630"]
[BlackElo "2539"]
[PlyCount "97"]
[EventDate "2009.??.??"]

1. e4 c5 2. Nf3 d6 3. d4 cxd4 4. Nxd4 Nf6 5. Nc3 Nc6 6. Bg5 e6 7. Qd2 a6 8.
O-O-O Be7 9. Bxf6 gxf6 10. f4 Nxd4 11. Qxd4 b5 12. e5 d5 13. Kb1 Bd7 14. Ne2
Rc8 15. exf6 Bxf6 16. Qd2 a5 17. f5 Qc7 18. fxe6 fxe6 19. Nf4 O-O 20. g3 Bg5
21. Nxe6 Bxd2 22. Nxc7 Rf2 23. Nxd5 Re8 24. Bd3 Bc6 25. c4 bxc4 26. Bxc4 Kg7
27. Rdf1 Bxd5 28. Bxd5 Ree2 29. Rxf2 Rxf2 30. h4 Re2 31. Rd1 Re1 32. Kc2 Rxd1
33. Kxd1 Be3 34. Ke2 Bd4 35. b3 h5 36. Kf3 Be5 37. Bc6 Bd6 38. Be8 Kh6 39. Bf7
Be7 40. a4 Bd6 41. Kg2 Bb4 42. Kh3 Be1 43. Bc4 Kg6 44. Kg2 Kh6 45. Bf7 Bb4 46.
Kf2 Bc5+ 47. Ke2 Bd6 48. Kf3 Bb4 49. Kf4 1/2-1/2

[Event "M.Chigorin Memorial"]
[Site "St. Petersburg RUS"]
[Date "2009.10.19"]
[Round "4.11"]
[White "Azarov, Sergei"]
[Black "Wen, Yang"]
[Result "1/2-1/2"]
[WhiteElo "2625"]
[BlackElo "2538"]
[PlyCount "53"]
[EventDate "2009.??.??"]

1. e4 e5 2. Nf3 Nc6 3. Bb5 a6 4. Ba4 Nf6 5. O-O b5 6. Bb3 Bb7 7. Re1 Bc5 8. c3
Bb6 9. d4 d6 10. Be3 O-O 11. Nbd2 h6 12. h3 Re8 13. d5 Ne7 14. Bxb6 cxb6 15.
Bc2 Ng6 16. Bd3 Bc8 17. Bf1 Bd7 18. Qb3 Qc7 19. Rec1 Qc5 20. a3 Nf4 21. Qd1 Qc7
22. c4 bxc4 23. Nxc4 Qb8 24. Qe1 b5 25. Na5 Qb6 26. b4 Rec8 27. Kh2 1/2-1/2

[Event "M.Chigorin Memorial"]
[Site "St. Petersburg RUS"]
[Date "2009.10.19"]
[Round "4.12"]
[White "Abergel, Thal"]
[Black "Negi, Parimarjan"]
[Result "0-1"]
[WhiteElo "2532"]
[BlackElo "2615"]
[PlyCount "100"]
[EventDate "2009.??.??"]

1. e4 c5 2. Nf3 e6 3. d4 cxd4 4. Nxd4 Nc6 5. Nc3 Qc7 6. Be3 a6 7. Qd2 Nf6 8.
O-O-O Be7 9. f3 h5 10. Nb3 d6 11. Bg5 Rb8 12. f4 b5 13. Bxf6 gxf6 14. Bd3 b4
15. Ne2 a5 16. Kb1 a4 17. Nbd4 Nxd4 18. Nxd4 Qc5 19. f5 e5 20. Nf3 Bb7 21. Qe2
Bc6 22. Bc4 Bd8 23. Bd5 Bb5 24. Qe1 Rg8 25. Qh4 Rxg2 26. Ne1 Rg5 27. Nf3 Rg2
28. Ne1 Rg5 29. Nf3 Rc8 30. Rc1 Rg8 31. Qxh5 Rf8 32. c4 a3 33. b3 Bc6 34. Rcd1
Bb6 35. Bxc6+ Rxc6 36. Rhe1 Rc8 37. Rd5 Qc7 38. Red1 Ke7 39. Ne1 Rg8 40. Nd3
Rg2 41. Nxb4 Qb7 42. Qh4 Rb2+ 43. Ka1 Bf2 44. Qh6 Qxb4 45. Rxd6 Qxd6 46. Rxd6
Kxd6 47. Qxf6+ Kc5 48. Qe7+ Kd4 49. Qxa3 Rd2 50. Qa5 Kd3 0-1

[Event "M.Chigorin Memorial"]
[Site "St. Petersburg RUS"]
[Date "2009.10.19"]
[Round "4.13"]
[White "Papin, Vasily"]
[Black "Lysyj, Igor"]
[Result "1/2-1/2"]
[WhiteElo "2529"]
[BlackElo "2612"]
[PlyCount "24"]
[EventDate "2009.??.??"]

1. Nf3 Nf6 2. c4 e6 3. Nc3 c5 4. g3 b6 5. Bg2 Bb7 6. O-O Be7 7. Re1 Ne4 8. Nxe4
Bxe4 9. d3 Bb7 10. e4 O-O 11. d4 cxd4 12. Nxd4 a6 1/2-1/2

[Event "M.Chigorin Memorial"]
[Site "St. Petersburg RUS"]
[Date "2009.10.19"]
[Round "4.14"]
[White "Khairullin, Ildar"]
[Black "Petrosian, Davit G"]
[Result "1/2-1/2"]
[WhiteElo "2604"]
[BlackElo "2504"]
[PlyCount "59"]
[EventDate "2009.??.??"]

1. d4 Nf6 2. c4 g6 3. Nc3 Bg7 4. e4 d6 5. f3 O-O 6. Be3 c5 7. Nge2 Nc6 8. d5
Ne5 9. Ng3 e6 10. Be2 exd5 11. cxd5 a6 12. Qd2 Re8 13. Bh6 Bh8 14. O-O b5 15.
h3 Rb8 16. Nd1 a5 17. a4 bxa4 18. Rxa4 Nfd7 19. Bg5 f6 20. Bf4 Rb4 21. Rxb4
cxb4 22. Be3 Nc5 23. Nf2 Qb6 24. f4 Ned7 25. f5 Bg7 26. Kh2 Ba6 27. Rc1 Bxe2
28. Qxe2 a4 29. h4 Qa6 30. Qd1 1/2-1/2

[Event "M.Chigorin Memorial"]
[Site "St. Petersburg RUS"]
[Date "2009.10.19"]
[Round "4.15"]
[White "Simonian, Hrair"]
[Black "Burmakin, Vladimir"]
[Result "1/2-1/2"]
[WhiteElo "2513"]
[BlackElo "2599"]
[PlyCount "28"]
[EventDate "2009.??.??"]

1. e4 c6 2. d4 d5 3. Nc3 dxe4 4. Nxe4 Bf5 5. Ng3 Bg6 6. h4 h6 7. Nh3 Nf6 8. Nf4
Bh7 9. c3 e6 10. Bd3 Bxd3 11. Qxd3 Nbd7 12. Nfh5 Qa5 13. Nxf6+ Nxf6 14. Ne4
Nxe4 1/2-1/2

[Event "M.Chigorin Memorial"]
[Site "St. Petersburg RUS"]
[Date "2009.10.19"]
[Round "4.16"]
[White "Gabrielian, Artur"]
[Black "Popov, Valerij"]
[Result "1/2-1/2"]
[WhiteElo "2513"]
[BlackElo "2595"]
[PlyCount "58"]
[EventDate "2009.??.??"]

1. e4 c6 2. d4 d5 3. e5 Bf5 4. Nf3 e6 5. Be2 Nd7 6. O-O Bg6 7. c3 a6 8. Nbd2
Nh6 9. Ne1 f6 10. Ndf3 Nf7 11. Nd3 Bxd3 12. Bxd3 fxe5 13. dxe5 Bc5 14. b4 Bb6
15. Bf4 Qe7 16. Bg3 O-O-O 17. a4 g5 18. b5 cxb5 19. axb5 a5 20. Nd4 h5 21. h3
Nfxe5 22. Nc6 Qf6 23. Nxd8 Rxd8 24. Kh1 h4 25. Bh2 Nc5 26. Bc2 Nc4 27. Qd4 e5
28. Qg4+ Kb8 29. Rad1 Ka7 1/2-1/2

[Event "M.Chigorin Memorial"]
[Site "St. Petersburg RUS"]
[Date "2009.10.19"]
[Round "4.17"]
[White "Turov, Maxim"]
[Black "Svetlov, Dmitry"]
[Result "1/2-1/2"]
[WhiteElo "2595"]
[BlackElo "2399"]
[PlyCount "113"]
[EventDate "2009.??.??"]

1. c4 Nf6 2. Nc3 d5 3. cxd5 Nxd5 4. Nf3 g6 5. Qa4+ c6 6. Nxd5 Qxd5 7. e4 Qd6 8.
d4 Bg7 9. Be3 O-O 10. Be2 Bg4 11. Rd1 Nd7 12. O-O e5 13. dxe5 Qe7 14. Bg5 Qe8
15. h3 Bxf3 16. Bxf3 Nb6 17. Qd4 Bxe5 18. Qb4 Qb8 19. Be2 Qc7 20. Be3 Rfe8 21.
Qd2 Rad8 22. Qc1 Na4 23. Qc2 Nb6 24. a4 Bf4 25. Bxf4 Qxf4 26. a5 Nd7 27. a6
bxa6 28. Qxc6 Nf6 29. Bf3 Rb8 30. Qxa6 Nxe4 31. Rd4 Qf5 32. Qxa7 Ng5 33. Bc6
Rf8 34. b4 Ne6 35. Rd5 Qf6 36. b5 Nf4 37. Rd2 Nxh3+ 38. Kh1 Nf4 39. g3 Ne6 40.
Rfd1 h5 41. Kg2 Qg5 42. Qe3 Qxe3 43. fxe3 Nc7 44. Rb2 Rb6 45. Rd7 Ne6 46. Rbd2
Rfb8 47. e4 Rc8 48. Rf2 Nd8 49. Kh3 Nxc6 50. bxc6 Rbxc6 51. Rfxf7 Re6 52. Rg7+
Kh8 53. Kh4 Rc5 54. Rh7+ Kg8 55. Rdg7+ Kf8 56. Ra7 Kg8 57. Kh3 1/2-1/2

[Event "M.Chigorin Memorial"]
[Site "St. Petersburg RUS"]
[Date "2009.10.19"]
[Round "4.18"]
[White "Zhou, Weiqi"]
[Black "Hovhannisyan, Robert"]
[Result "1/2-1/2"]
[WhiteElo "2593"]
[BlackElo "2463"]
[PlyCount "151"]
[EventDate "2009.??.??"]

1. d4 d5 2. c4 c6 3. Nc3 Nf6 4. e3 e6 5. Nf3 Nbd7 6. Qc2 Bd6 7. Bd3 O-O 8. O-O
dxc4 9. Bxc4 b5 10. Be2 Bb7 11. e4 e5 12. Bg5 h6 13. Bh4 Qc7 14. dxe5 Nxe5 15.
Bxf6 Nxf3+ 16. Bxf3 gxf6 17. g3 Be5 18. Nd1 Bd4 19. Ne3 Bxe3 20. fxe3 Rad8 21.
Bg2 Kg7 22. Rf4 Bc8 23. Raf1 Rd6 24. Qf2 Qe7 25. Bf3 Rfd8 26. Bg4 Be6 27. b3
Bxg4 28. Rxg4+ Kf8 29. Qf4 Qe6 30. Qxh6+ Ke7 31. Rgf4 Rd1 32. Qxf6+ Qxf6 33.
Rxf6 Rxf1+ 34. Rxf1 Rd3 35. Rc1 Kd6 36. h4 Rxe3 37. Kf2 Rxe4 38. Kf3 Re6 39. h5
Ke7 40. g4 Kf6 41. b4 Rd6 42. Rc5 Kg7 43. Ke3 Rd1 44. Rc3 Re1+ 45. Kf4 Rf1+ 46.
Kg3 Rg1+ 47. Kh3 Rh1+ 48. Kg2 Rd1 49. a3 Rd4 50. Kg3 a5 51. bxa5 Ra4 52. Rxc6
Rxa3+ 53. Kh4 Rxa5 54. Rc5 f6 55. Rf5 Ra1 56. Rxb5 Ra3 57. Rb7+ Kh6 58. Rb5 Kg7
59. Rb2 Kh7 60. Rg2 Kh6 61. Rf2 Kg7 62. Rf1 Rb3 63. Rd1 Ra3 64. Rd6 Rb3 65.
Rd7+ Kh6 66. Ra7 Rc3 67. Rf7 Rf3 68. Rxf6+ Rxf6 69. g5+ Kg7 70. gxf6+ Kxf6 71.
Kg4 Kg7 72. Kg5 Kh7 73. h6 Kh8 74. Kg6 Kg8 75. h7+ Kh8 76. Kh6 1/2-1/2

[Event "M.Chigorin Memorial"]
[Site "St. Petersburg RUS"]
[Date "2009.10.19"]
[Round "4.19"]
[White "Romanenko, Vladimir"]
[Black "Epishin, Vladimir"]
[Result "1/2-1/2"]
[WhiteElo "2505"]
[BlackElo "2590"]
[PlyCount "35"]
[EventDate "2009.??.??"]

1. d4 Nf6 2. c4 Nc6 3. Nc3 e5 4. d5 Nb8 5. e4 Bc5 6. Bg5 a5 7. Qd2 d6 8. f3 c6
9. Nge2 h6 10. Be3 Bxe3 11. Qxe3 cxd5 12. Nxd5 Nxd5 13. cxd5 O-O 14. Nc3 f5 15.
Bd3 Na6 16. exf5 Bxf5 17. Bxf5 Rxf5 18. O-O 1/2-1/2